00308nam a2200097Ia 4500008004100000100003900041245004000080942000700120999001500127952006800142201216s9999 xx 000 0 und d aAlexander Hamilton Institute, Inc. 0aWord processing : dynamic resources cBK c6232d6232 00104070aCLd2020-12-16pPM01232r2020-12-16w2020-12-16yBK